| 000 | 00605nam a2200229Ia 4500 | ||
|---|---|---|---|
| 003 | OSt | ||
| 005 | 20221006151815.0 | ||
| 006 | a|||||r|||| 00| 0 | ||
| 007 | ta | ||
| 008 | 221006b |||||||| |||| 00| 0 eng d | ||
| 020 | _c684.00+1275.00 | ||
| 024 | _a23,434 | ||
| 037 | _cTextual | ||
| 040 |
_aEASL _cEASL _beng |
||
| 041 |
_2eng _aeng |
||
| 082 | _aX:5.42.N76, L6 | ||
| 245 | 0 |
_aWhite paper on international trade _b Japan 1983,1985, 1991 |
|
| 260 |
_aTokyo _bJETRO Japan _c1983 |
||
| 300 |
_a426p. _ccm. |
||
| 942 |
_hX:5.42.N76, L6 _cTEXL _2CC |
||
| 999 |
_c1091520 _d1091520 |
||